| 000 | 00717 a2200265 4500 | ||
|---|---|---|---|
| 003 | DLC | ||
| 005 | 20260326094031.0 | ||
| 008 | 2021s2021 xx 000 0 eng d | ||
| 020 | _a9781975172657 | ||
| 040 |
_aDLC _beng |
||
| 050 | 4 | _aRT82 .L43 2021 | |
| 082 | 0 | 4 | _a610.73 |
| 100 | 1 |
_aHood, Lynne Q. _eauthor. |
|
| 245 | 1 | 0 |
_aLeddy & Pepper's professional nursing _cby Hood, Lynne Q.. |
| 250 | _a10th ed. | ||
| 264 | 1 |
_bLippincott Williams & Wilkins _c2021 |
|
| 300 | _axvi, 640 pages : illustrations ; 28 cm | ||
| 336 | _2CC | ||
| 338 | _2CC | ||
| 650 | 0 | _aNursing | |
| 650 | 0 | _aNursing--Philosophy | |
| 650 | 0 | _aNurses--Professional ethics | |
| 650 | 0 | _aNursing--Vocational guidance | |
| 942 |
_2lcc _cBK |
||
| 999 |
_c44178 _d44178 |
||